Normal view
MARC view
Entry Topical Term
001 - CONTROL NUMBER
- control field: 3786
003 - CONTROL NUMBER IDENTIFIER
- control field: BD-RjUL
005 - DATE AND TIME OF LATEST TRANSACTION
- control field: 20220621120746.0
008 - FIXED-LENGTH DATA ELEMENTS
- fixed length control field: 220621|| aca||aabn | a|a d
040 ## - CATALOGING SOURCE
- Original cataloging agency: BD-RjUL
- Transcribing agency: BD-RjUL
150 ## - HEADING--TOPICAL TERM
- Topical term or geographic name entry element: Business forecasting
670 ## - SOURCE DATA FOUND
- Source citation: Work cat.: (BD-RjUL)80010: Skinner, Steven J. 3785, Business for the 21st century /, c1992.